Аномалии термических деформаций кристаллических решеток котельных сталей как критерий их работоспособности; Известия Томского политехнического университета [Известия ТПУ]; Т. 321, № 4 : Энергетика

Podrobná bibliografie
Parent link:Известия Томского политехнического университета [Известия ТПУ]/ Томский политехнический университет (ТПУ).— , 2000-
Т. 321, № 4 : Энергетика.— 2012.— [С. 26-31]
Další autoři: Любимова Л. Л. Людмила Леонидовна, Макеев А. А. Анатолий Анатольевич, Ташлыков А. А. Александр Анатольевич, Заворин А. С. Александр Сергеевич, Фисенко Р. Н. Роман Николаевич
Shrnutí:Заглавие с титульного листа
Электронная версия печатной публикации
Экспериментально установлены температуры аномальных термических расширений кристаллических решеток, которые не объясняются известными фазовыми превращениями I и II рода. Для объяснения причин аномалий привлекаются представления о зернограничных явлениях, важных для повышения устойчивости структур конструкционных материалов, ограничивающих изменения механических характеристик и ресурса теплоэнергетического оборудования.
Jazyk:ruština
Vydáno: 2012
Edice:Энергетика
Témata:
On-line přístup:http://earchive.tpu.ru/bitstream/11683/4449/1/bulletin_tpu-2012-321-4-06.pdf
Médium: MixedMaterials Elektronický zdroj Kapitola
KOHA link:https://koha.lib.tpu.ru/cgi-bin/koha/opac-detail.pl?biblionumber=231530

MARC

LEADER 00000nla2a2200000 4500
001 231530
005 20231031202850.0
035 |a (RuTPU)RU\TPU\book\252552 
035 |a RU\TPU\book\252551 
090 |a 231530 
100 |a 20130202d2012 k y0rusy50 ca 
101 0 |a rus 
102 |a RU 
135 |a drnn ---uucaa 
181 0 |a i  
182 0 |a b 
200 1 |a Аномалии термических деформаций кристаллических решеток котельных сталей как критерий их работоспособности  |b Электронный ресурс  |f Л. Л. Любимова [и др.] 
203 |a Текст  |c электронный 
215 |a 1 файл (308 Кб) 
225 1 |a Энергетика 
230 |a Электронные текстовые данные (1 файл : 308 Кб) 
300 |a Заглавие с титульного листа 
300 |a Электронная версия печатной публикации 
320 |a [Библиогр.: с. 31 (15 назв.)] 
330 |a Экспериментально установлены температуры аномальных термических расширений кристаллических решеток, которые не объясняются известными фазовыми превращениями I и II рода. Для объяснения причин аномалий привлекаются представления о зернограничных явлениях, важных для повышения устойчивости структур конструкционных материалов, ограничивающих изменения механических характеристик и ресурса теплоэнергетического оборудования. 
337 |a Adobe Reader 
461 1 |0 (RuTPU)RU\TPU\book\176237  |t Известия Томского политехнического университета [Известия ТПУ]  |f Томский политехнический университет (ТПУ)  |d 2000- 
463 1 |0 (RuTPU)RU\TPU\book\251719  |x 1684-8519  |t Т. 321, № 4 : Энергетика  |v [С. 26-31]  |d 2012  |p 204 с. 
610 1 |a паровые котлы 
610 1 |a поверхности нагрева 
610 1 |a внутренние структурные напряжения 
610 1 |a плотность дислокаций 
610 1 |a рентгенодилатометрия 
610 1 |a проектные ресурсы 
610 1 |a котельные стали 
610 1 |a кристаллические решетки 
610 1 |a термические деформации 
610 1 |a аномалии 
610 1 |a труды учёных ТПУ 
610 1 |a электронный ресурс 
701 1 |a Любимова  |b Л. Л.  |c российский ученый, специалист в области парогенераторных установок  |c доцент Томского политехнического университета, кандидат технических наук  |f 1947-  |g Людмила Леонидовна  |2 stltpush  |3 (RuTPU)RU\TPU\pers\25982 
701 1 |a Макеев  |b А. А.  |c российский ученый в области теплоэнергетики  |c кандидат технических наук, доцент Томского политехнического университета  |f 1946-2008  |g Анатолий Анатольевич  |2 stltpush  |3 (RuTPU)RU\TPU\pers\24963 
701 1 |a Ташлыков  |b А. А.  |c российский учёный в области парагенераторостроения  |c доцент Томского политехнического университета  |f 1979-  |g Александр Анатольевич  |2 stltpush  |3 (RuTPU)RU\TPU\pers\26912 
701 1 |a Заворин  |b А. С.  |c специалист в области теплотехники  |c профессор Томского политехнического университета, доктор технических наук  |f 1946-  |g Александр Сергеевич  |2 stltpush  |3 (RuTPU)RU\TPU\pers\25896 
701 1 |a Фисенко  |b Р. Н.  |c специалист в области парогенераторостроения и парогенераторных установок  |c инженер Томского политехнического университета  |f 1976-  |g Роман Николаевич  |2 stltpush  |3 (RuTPU)RU\TPU\pers\28620 
801 1 |a RU  |b 63413507  |c 20090623  |g PSBO 
801 2 |a RU  |b 63413507  |c 20220114  |g PSBO 
856 4 |u http://earchive.tpu.ru/bitstream/11683/4449/1/bulletin_tpu-2012-321-4-06.pdf 
942 |c CF